All Novak Djokovic Masters 1000 defeats - Statistics

General Stats
  • This quiz has been taken 242 times
    16 since last reset
  • The average score is 62 of 97
Answer Stats
Year Tournament Round Opponent % Correct
2008 Toronto QF Andy Murray
100%
2008 Cincinnati F Andy Murray
100%
2009 Miami F Andy Murray
100%
2011 Cincinnati F Andy Murray
100%
2015 Montreal F Andy Murray
100%
2016 Rome F Andy Murray
100%
2022 Madrid SF Carlos Alcaraz
100%
2019 Monte Carlo QF Daniil Medvedev
100%
2019 Cincinnati SF Daniil Medvedev
100%
2024 Shanghai F Jannik Sinner
100%
2013 Indian Wells SF Juan Martín del Potro
100%
2007 Indian Wells Final F Rafael Nadal
100%
2007 Rome QF Rafael Nadal
100%
2008 Hamburg SF Rafael Nadal
100%
2009 Monte Carlo F Rafael Nadal
100%
2009 Madrid SF Rafael Nadal
100%
2009 Rome F Rafael Nadal
100%
2012 Monte Carlo F Rafael Nadal
100%
2012 Rome F Rafael Nadal
100%
2013 Montreal SF Rafael Nadal
100%
2017 Madrid SF Rafael Nadal
100%
2018 Rome SF Rafael Nadal
100%
2019 Rome F Rafael Nadal
100%
2021 Rome F Rafael Nadal
100%
2007 Monte Carlo R16 David Ferrer
93%
2026 Indian Wells R16 Jack Draper
93%
2006 Monte Carlo R64 Roger Federer
93%
2008 Monte Carlo SF Roger Federer
93%
2009 Cincinnati F Roger Federer
93%
2010 Toronto SF Roger Federer
93%
2010 Shanghai SF Roger Federer
93%
2012 Cincinnati F Roger Federer
93%
2014 Monte Carlo SF Roger Federer
93%
2014 Shanghai SF Roger Federer
93%
2015 Cincinnati F Roger Federer
93%
2017 Rome F Alexander Zverev
87%
2024 Monte Carlo SF Casper Ruud
87%
2018 Monte Carlo R16 Dominic Thiem
87%
2009 Indian Wells QF Andy Roddick
80%
2009 Montreal QF Andy Roddick
80%
2010 Cincinnati QF Andy Roddick
80%
2022 Paris F Holger Rune
80%
2023 Rome QF Holger Rune
80%
2008 Paris R16 Jo-Wilfried Tsonga
80%
2011 Paris QF Jo-Wilfried Tsonga
80%
2014 Toronto R16 Jo-Wilfried Tsonga
80%
2016 Paris QF Marin Čilić
80%
2017 Indian Wells R16 Nick Kyrgios
80%
2018 Toronto R16 Stefanos Tsitsipas
80%
2019 Shanghai QF Stefanos Tsitsipas
80%
2006 Hamburg R32 Fernando Verdasco
67%
2010 Monte Carlo SF Fernando Verdasco
67%
2010 Rome QF Fernando Verdasco
67%
2008 Miami R64 Kevin Anderson
67%
2013 Madrid R32 Grigor Dimitrov
60%
2012 Indian Wells SF John Isner
60%
2013 Cincinnati QF John Isner
60%
2013 Rome QF Tomáš Berdych
60%
2025 Miami F Jakub Menšík
53%
2018 Paris F Karen Khachanov
53%
2016 Shanghai SF Roberto Bautista Agut
53%
2019 Miami R16 Roberto Bautista Agut
53%
2017 Monte Carlo QF David Goffin
47%
2009 Shanghai SF Nikolay Davydenko
47%
2025 Shanghai SF Valentin Vacherot
47%
2024 Rome R32 Alejandro Tabilo
40%
2025 Monte Carlo R32 Alejandro Tabilo
40%
2007 Madrid SF David Nalbandian
40%
2012 Madrid QF Janko Tipsarević
40%
2022 Monte Carlo R32 Alejandro Davidovich Fokina
33%
2010 Indian Wells R16 Ivan Ljubičić
33%
2024 Indian Wells R32 Luca Nardi
33%
2005 Paris R16 Tommy Robredo
33%
2014 Cincinnati R16 Tommy Robredo
33%
2025 Indian Wells R128 Botic van de Zandschulp
27%
2006 Miami R64 Guillermo Coria
27%
2008 Madrid R16 Ivo Karlović
27%
2023 Monte Carlo R16 Lorenzo Musetti
27%
2025 Madrid R64 Matteo Arnaldi
27%
2012 Paris R32 Sam Querrey
27%
2013 Miami R16 Tommy Haas
27%
2005 Cincinnati R64 Fernando González
20%
2006 Madrid QF Fernando González
20%
2006 Indian Wells R128 Julien Benneteau
20%
2018 Madrid R32 Kyle Edmund
20%
2019 Indian Wells R32 Philipp Kohlschreiber
20%
2018 Miami R64 Benoît Paire
13%
2007 Hamburg QF Carlos Moyá
13%
2007 Cincinnati R32 Carlos Moyá
13%
2021 Monte Carlo R16 Daniel Evans
13%
2016 Monte Carlo R32 Jiří Veselý
13%
2010 Paris R16 Michaël Llodra
7%
2006 Paris R32 Paul-Henri Mathieu
7%
2018 Indian Wells R64 Taro Daniel
7%
2007 Paris R32 Fabrice Santoro
0%
2006 Cincinnati R32 Florent Serra
0%
2010 Miami R64 Olivier Rochus
0%
No matching quizzes found
Score Distribution
Percent of People with Each Score
Percentile by Number Answered
Your Score History
You have not taken this quiz since the last reset